000 00525nam a22001817a 4500
999 _c4062
_d4019
008 190524b ||||| |||| 00| f eng d
020 _a9789750820656
041 _atur
050 _aPL248.T4559
100 _91134
_aTeoman, Ali
245 _aGecenin Atları Konstantiniyye Üçlemesi III
250 _a1. Baskı
260 _aİstanbul:
_bYapı Kredi Yayınları,
_cAğustos 2011
300 _a483 Sayfa
500 _aYapı Kredi Yayınları: 3406; Edebiyat: 991
650 0 _9145
_aTürk Edebiyatı
942 _2lcc
_cBK